Sabino Fernández Campo : (Registro nro. 10652)
[ vista simple ]
| 000 -LIDER | |
|---|---|
| fixed length control field | 00833cam a22002655 4500 |
| 001 - NÚMERO DE CONTROL | |
| Identificador de número de control | bimo0000458137 |
| 003 - IDENTIFICACDOR DE NÚMERO DE CONTROL | |
| control field | |
| 005 - DATE AND TIME OF LATEST TRANSACTION | |
| control field | 20230719092843.0 |
| 008 - ELEMENTOS DE LONGITUD FIJA | |
| fixed length control field | 951113s19uu sp | ||| ||spa |
| 020 ## - ISBN | |
| International Standard Book Number | 9788478804894 |
| 040 ## - FUENTE DE CATALOGACIÓN | |
| Agencia que crea de manera original el registro | BPMSU |
| Idioma de catalogación | spa |
| Agencia que realiza la transcripción | BPMSU |
| Convenciones de la despripción | |
| 082 #4 - NÚMERO DE CLASIFICACIÓN DECIMAL DE DEWEY | |
| Classification number | 923.546 |
| Item number | F363S |
| Edition number | 22 |
| 100 1# - ASIENTO PRINCIPAL -- NOMBRE PERSONAL | |
| Nombre personal | Soriano, Manuel |
| Authority record control number | |
| 245 10 - MENCIÓN DE TITULO | |
| Título | Sabino Fernández Campo : |
| Subtítulo | la sombra del rey |
| Mención de responsabilidad | Manuel Soriano |
| Medio (Designación general de material) | |
| 260 ## - PUBLICACIÓN, DISTRIBUCIÓN, ETC. (PIE DE IMPRENTA) | |
| Lugar de publicación, distribución, etc | Madrid |
| Nombre del editor, distribuidor, etc. | Temas de Hoy |
| Fecha de publicación, distribución, etc | 1995 |
| 300 ## - DESCRIPCIÓN FÍSICA | |
| Extensión | 605 p. |
| Dimensiones | 23 cm |
| 490 0# - MENCIÓN DE SERIES | |
| Mención de serie | Grandes temas |
| 500 ## - NOTA GENERAL | |
| Nota general | Incluye Índice |
| 500 ## - NOTA GENERAL | |
| Nota general | Incluye datos biográficos del autor en la solapa de la cubierta |
| 590 ## - NOTA LOCAL | |
| Texto de la nota local | Inventariado, 2023/VM |
| 600 14 - ENCABEZAMIENTO DE MATERIA--NOMBRE PERSONAL | |
| Nombre personal | Fernández Campo, Sabino |
| Fechas asociadas con el nombre | 1918-2009 |
| Fuente del encabezado o término | |
| 651 #4 - ENCABEZAMIENTO DE MATERIA--NOMBRE GEOGRÁFICO | |
| Nombre geográfico | España |
| Subdivisión temática general | Historia militar |
| Subdivisión cronológica | Siglo XX |
| 910 ## - VALIDACIÓN | |
| Validación | VMateo V. Control de calidad. BPMSU |
| 942 ## - ADDED ENTRY ELEMENTS (KOHA) | |
| Source of classification or shelving scheme | Dewey Decimal Classification |
| Koha item type | Libros |
| Withdrawn status | Lost status | Source of classification or shelving scheme | Damaged status | Not for loan | Collection code | Home library | Current library | Date acquired | Source of acquisition | Total Checkouts | Full call number | Barcode | Date last seen | Price effective from | Koha item type |
|---|---|---|---|---|---|---|---|---|---|---|---|---|---|---|---|
| Dewey Decimal Classification | Colección General | Biblioteca Pública Metropolitana Salomé Ureña | Biblioteca Pública Metropolitana Salomé Ureña | 07/01/2016 | Sellar | BPMSU CG 923.546 F363S | BPMSU16070025 | 07/01/2016 | 07/01/2016 | Libros |